000 01039nam a2200289 i 4500
003 URS
005 20230710112705.0
008 180427b xxu||||| |||| 00| 0 eng d
020 _a9789719676218
040 _bEnglish
_cURS
_erda
050 _aGV341
_b.P569p 2015
245 _aPhysical education 1 :
_bphysical fitness and gymnastics /
_cAntonio V. Calicdan...[and four others].
264 _aMalabon City :
_bJimczyville Publications,
_c©2015.
300 _aiv, 98 pages :
_billustrations ;
_c25 cm.
336 _atext
_btxt
_2rdacontent
337 _aunmediated
_bn
_2rdamedia
338 _avolume
_bnc
_2rdacarrier
650 0 _aPhysical education and training
_92812
650 0 _aSports
_93080
700 _aCalicdan, Antonio V.,
_eauthor.
_95378
700 _aEstrella, Erwin O.,
_eauthor.
_95387
700 _aBalagtas, Jo-Ann C.,
_eauthor.
_95388
700 _aCoronongan, Melanie B.,
_eauthor.
_95380
700 _aCruz, Gwendaly R.,
_eauthor.
_95383
700 _aCastro, Norbina Genever M.,
_eeditor.
_95389
942 _2lcc
_cF
999 _c10288
_d10288